000 01165nam a2200241Ia 4500
999 _c39868
_d39868
001 6473
003 GE_BSU
005 20190528204123.0
008 181216s1978||||ge |||||||||||||| ||geo||
040 _cGE_BSU
041 _ageo
080 _a54+546(076) ლ-13
245 _aლაბორატორიული სამუშაოები ზოგად და არაორგანულ ქიმიაში : ნაწილი II . /
_cშემდგ : პ. გაგნიძე ; ლ. რურუა ; გ. მეტრეველი ; ე. ჩიქვინიძე.
264 _aთბილისი :
_bსპი,
_c1978.
300 _a79 გვ .:
_c20 სმ.
653 _aზოგადი და არაორგანული ქიმია
653 _aქიმია
700 _aგაგნიძე, პ
_eშემდგენელი
_91784
700 _aრურუა, ლ
_eშემდგენელი
_91785
700 _aმეტრეველი, ე
_eშემდგენელი
_91788
700 _aჩიქვინიძე, ე
_eშემდგენელი
_91789
942 _cBK
_2udc